000 00376 a2200145 4500
005 20250507090714.0
020 _a434-90290-X
082 _a658.3 CUN
100 _aCUMING, M. W.
245 _aThe Theory and Practice of Personnel Management.
250 _a3rd Ed
260 _aLondon,
_bHeinemann,
_c1977.
300 _aXi, 385p.: ill.; figure
_bIndex
_c20cm.
942 _2ddc
_cBKS
999 _c2073
_d2073